000 00768nam a22002297a 4500
005 20080711111158.0
008 080711t xxu||||| |||| 00| 0 eng d
010 _aENG-90558
020 _a9788120335899
_c275.00
035 _aEN-74091
037 _bDBAD / PUB
040 _aDPL
_bENG
082 _a005.1
100 _aJames, K.L.
245 _aSoftware engineering /
_cby K.L. James
260 _aNew Delhi
_bPHI Learning
_c2009
300 _axiii, 374 p.
_c24cm.(pbk)
500 _aIncludes index
650 _aSoftware engineering
942 _2ddc
_cEN
_h005.1
_mJAM
999 _c14526
_d14526